<?xml version="1.0" encoding="UTF-8"?><marc:collection xmlns:marc="http://www.loc.gov/MARC21/slim">
  <marc:record>
    <marc:leader>03507nas a2200613 c 4500</marc:leader>
    <marc:controlfield tag="001">010038280</marc:controlfield>
    <marc:controlfield tag="003">DE-101</marc:controlfield>
    <marc:controlfield tag="005">20251105135618.0</marc:controlfield>
    <marc:controlfield tag="007">tu</marc:controlfield>
    <marc:controlfield tag="008">991118d19512004gw s||p|  ||| 0||||1ger c</marc:controlfield>
    <marc:datafield tag="016" ind1="7" ind2=" ">
      <marc:subfield code="2">DE-600</marc:subfield>
      <marc:subfield code="a">954864-6</marc:subfield>
    </marc:datafield>
    <marc:datafield tag="016" ind1="7" ind2=" ">
      <marc:subfield code="2">DE-101</marc:subfield>
      <marc:subfield code="a">010038280</marc:subfield>
    </marc:datafield>
    <marc:datafield tag="022" ind1=" " ind2=" ">
      <marc:subfield code="a">0343-5113</marc:subfield>
    </marc:datafield>
    <marc:datafield tag="035" ind1=" " ind2=" ">
      <marc:subfield code="a">(DE-599)ZDB954864-6</marc:subfield>
    </marc:datafield>
    <marc:datafield tag="035" ind1=" " ind2=" ">
      <marc:subfield code="a">(OCoLC)225591426</marc:subfield>
    </marc:datafield>
    <marc:datafield tag="040" ind1=" " ind2=" ">
      <marc:subfield code="a">9001</marc:subfield>
      <marc:subfield code="b">ger</marc:subfield>
      <marc:subfield code="c">DE-101</marc:subfield>
      <marc:subfield code="d">9001</marc:subfield>
    </marc:datafield>
    <marc:datafield tag="041" ind1=" " ind2=" ">
      <marc:subfield code="a">ger</marc:subfield>
    </marc:datafield>
    <marc:datafield tag="042" ind1=" " ind2=" ">
      <marc:subfield code="a">zdb</marc:subfield>
    </marc:datafield>
    <marc:datafield tag="044" ind1=" " ind2=" ">
      <marc:subfield code="c">XA-DE</marc:subfield>
    </marc:datafield>
    <marc:datafield tag="082" ind1="7" ind2="4">
      <marc:subfield code="a">070</marc:subfield>
      <marc:subfield code="q">DE-101</marc:subfield>
      <marc:subfield code="2">22sdnb</marc:subfield>
    </marc:datafield>
    <marc:datafield tag="083" ind1="7" ind2=" ">
      <marc:subfield code="a">070</marc:subfield>
      <marc:subfield code="a">300</marc:subfield>
      <marc:subfield code="q">DE-600</marc:subfield>
      <marc:subfield code="2">22sdnb</marc:subfield>
    </marc:datafield>
    <marc:datafield tag="245" ind1="0" ind2="0">
      <marc:subfield code="a">Unser Oberschlesien</marc:subfield>
      <marc:subfield code="b">Organ der Landsmannschaft der Oberschlesier e.V., Bundesverband Bonn, Rh.</marc:subfield>
    </marc:datafield>
    <marc:datafield tag="246" ind1="3" ind2=" ">
      <marc:subfield code="a">Unser Oberschlesien / Ausgabe B</marc:subfield>
    </marc:datafield>
    <marc:datafield tag="246" ind1="3" ind2=" ">
      <marc:subfield code="a">Unser Oberschlesien / Ausgabe C</marc:subfield>
    </marc:datafield>
    <marc:datafield tag="246" ind1="3" ind2=" ">
      <marc:subfield code="a">Unser Oberschlesien / Ausgabe K</marc:subfield>
    </marc:datafield>
    <marc:datafield tag="246" ind1="1" ind2=" ">
      <marc:subfield code="i">1. Titelzusatz früher</marc:subfield>
      <marc:subfield code="a">unser Ostschlesien</marc:subfield>
    </marc:datafield>
    <marc:datafield tag="246" ind1="1" ind2=" ">
      <marc:subfield code="i">2. Titelzusatz früher</marc:subfield>
      <marc:subfield code="a">Bielitz-Bialaer Beskidenbriefe</marc:subfield>
    </marc:datafield>
    <marc:datafield tag="246" ind1="1" ind2=" ">
      <marc:subfield code="i">3. Titelzusatz früher</marc:subfield>
      <marc:subfield code="a">Heimat und Fremde</marc:subfield>
    </marc:datafield>
    <marc:datafield tag="264" ind1="3" ind2="1">
      <marc:subfield code="a">Görlitz</marc:subfield>
      <marc:subfield code="b">Senfkorn-Verl.</marc:subfield>
      <marc:subfield code="c">1951-2004</marc:subfield>
    </marc:datafield>
    <marc:datafield tag="264" ind1="2" ind2="1">
      <marc:subfield code="3">-6.1956,10</marc:subfield>
      <marc:subfield code="a">Frankfurt, M.</marc:subfield>
      <marc:subfield code="b">Landsmannschaft d. Oberschlesier</marc:subfield>
    </marc:datafield>
    <marc:datafield tag="264" ind1="2" ind2="1">
      <marc:subfield code="3">früher</marc:subfield>
      <marc:subfield code="a">Wiesbaden</marc:subfield>
      <marc:subfield code="b">Unser Oberschlesien</marc:subfield>
    </marc:datafield>
    <marc:datafield tag="264" ind1="2" ind2="1">
      <marc:subfield code="3">-2000</marc:subfield>
      <marc:subfield code="a">Wiesbaden</marc:subfield>
      <marc:subfield code="b">Chmielorz</marc:subfield>
    </marc:datafield>
    <marc:datafield tag="336" ind1=" " ind2=" ">
      <marc:subfield code="a">Text</marc:subfield>
      <marc:subfield code="b">txt</marc:subfield>
      <marc:subfield code="2">rdacontent</marc:subfield>
    </marc:datafield>
    <marc:datafield tag="337" ind1=" " ind2=" ">
      <marc:subfield code="a">ohne Hilfsmittel zu benutzen</marc:subfield>
      <marc:subfield code="b">n</marc:subfield>
      <marc:subfield code="2">rdamedia</marc:subfield>
    </marc:datafield>
    <marc:datafield tag="338" ind1=" " ind2=" ">
      <marc:subfield code="a">Band</marc:subfield>
      <marc:subfield code="b">nc</marc:subfield>
      <marc:subfield code="2">rdacarrier</marc:subfield>
    </marc:datafield>
    <marc:datafield tag="362" ind1="0" ind2=" ">
      <marc:subfield code="a">1.1951,1(Apr.) - 54.2004,23/24(Dez.)</marc:subfield>
    </marc:datafield>
    <marc:datafield tag="363" ind1="0" ind2="0">
      <marc:subfield code="8">1.1\x</marc:subfield>
      <marc:subfield code="i">1951</marc:subfield>
    </marc:datafield>
    <marc:datafield tag="363" ind1="1" ind2="0">
      <marc:subfield code="8">1.2\x</marc:subfield>
      <marc:subfield code="i">2004</marc:subfield>
    </marc:datafield>
    <marc:datafield tag="365" ind1=" " ind2=" ">
      <marc:subfield code="b">: EUR 2.60 (Einzelnr.), EUR 59.90 (jährl.)</marc:subfield>
    </marc:datafield>
    <marc:datafield tag="515" ind1=" " ind2=" ">
      <marc:subfield code="a">Die bis 1959 ersch. Ausg. B, C u. K, ersch. laut Angabe d. DB anschließend als inhaltl. identische Teilausg. bzw. Regionalausg. zur Hauptausg.; Ersch. halbmonatl.</marc:subfield>
    </marc:datafield>
    <marc:datafield tag="583" ind1="1" ind2=" ">
      <marc:subfield code="3">1959-2000</marc:subfield>
      <marc:subfield code="a">Archivierung/Langzeitarchivierung gewährleistet</marc:subfield>
      <marc:subfield code="f">PEHE</marc:subfield>
      <marc:subfield code="5">DE-43</marc:subfield>
      <marc:subfield code="2">pdager</marc:subfield>
    </marc:datafield>
    <marc:datafield tag="583" ind1="1" ind2=" ">
      <marc:subfield code="3">1972-1991</marc:subfield>
      <marc:subfield code="a">Massenentsäuert</marc:subfield>
      <marc:subfield code="c">2024</marc:subfield>
      <marc:subfield code="5">DE-43</marc:subfield>
      <marc:subfield code="2">pdager</marc:subfield>
    </marc:datafield>
    <marc:datafield tag="591" ind1=" " ind2=" ">
      <marc:subfield code="a">35!(22-02-05) Kopie</marc:subfield>
    </marc:datafield>
    <marc:datafield tag="655" ind1=" " ind2="7">
      <marc:subfield code="0">(DE-588)4067488-5</marc:subfield>
      <marc:subfield code="0">https://d-nb.info/gnd/4067488-5</marc:subfield>
      <marc:subfield code="0">(DE-101)040674886</marc:subfield>
      <marc:subfield code="a">Zeitschrift</marc:subfield>
      <marc:subfield code="2">gnd-content</marc:subfield>
    </marc:datafield>
    <marc:datafield tag="780" ind1="0" ind2="5">
      <marc:subfield code="i">Darin aufgegangen</marc:subfield>
      <marc:subfield code="n">Regionalausg. u. darin aufgeg.</marc:subfield>
      <marc:subfield code="t">Coseler Heimatblatt</marc:subfield>
      <marc:subfield code="d">Wiesbaden : Chmielorz, 1948-1991</marc:subfield>
      <marc:subfield code="w">(DE-600)348081-1</marc:subfield>
      <marc:subfield code="w">(DE-101)012026255</marc:subfield>
    </marc:datafield>
    <marc:datafield tag="780" ind1="0" ind2="5">
      <marc:subfield code="i">Darin aufgegangen</marc:subfield>
      <marc:subfield code="n">Regionalausg. u. darin aufgeg.</marc:subfield>
      <marc:subfield code="t">Hindenburger Heimatbrief</marc:subfield>
      <marc:subfield code="d">Wiesbaden : Chmielorz, 1949-1991</marc:subfield>
      <marc:subfield code="w">(DE-600)349868-2</marc:subfield>
      <marc:subfield code="w">(DE-101)012040762</marc:subfield>
    </marc:datafield>
    <marc:datafield tag="780" ind1="0" ind2="5">
      <marc:subfield code="i">Darin aufgegangen</marc:subfield>
      <marc:subfield code="n">Regionalausg. u. darin aufgeg.</marc:subfield>
      <marc:subfield code="t">&#152;Der&#156; neue oberschlesische Wanderer</marc:subfield>
      <marc:subfield code="d">Wiesbaden : Chmielorz, 1963-1991</marc:subfield>
      <marc:subfield code="w">(DE-600)349213-8</marc:subfield>
      <marc:subfield code="w">(DE-101)01203553X</marc:subfield>
    </marc:datafield>
    <marc:datafield tag="780" ind1="0" ind2="5">
      <marc:subfield code="i">Darin aufgegangen</marc:subfield>
      <marc:subfield code="n">Bis 1959 Ausg. B, dann Teilausg., später regionale Beil. u. darin aufgeg.</marc:subfield>
      <marc:subfield code="t">Bielitz-Bialaer Beskidenbriefe</marc:subfield>
      <marc:subfield code="d">Wiesbaden : Unser Oberschlesien, 1952-1991</marc:subfield>
      <marc:subfield code="w">(DE-600)958144-3</marc:subfield>
      <marc:subfield code="w">(DE-101)010072381</marc:subfield>
    </marc:datafield>
    <marc:datafield tag="780" ind1="0" ind2="5">
      <marc:subfield code="i">Darin aufgegangen</marc:subfield>
      <marc:subfield code="n">Bis 1959 Ausg. C, dann Teilausg., später regionale Beil. u. darin aufgeg.</marc:subfield>
      <marc:subfield code="t">Groß-Strehlitzer, Rosenberger und Loben-Guttentager Kreisblatt</marc:subfield>
      <marc:subfield code="d">Wiesbaden : Unser Oberschlesien, 1951-1991</marc:subfield>
      <marc:subfield code="w">(DE-600)785791-3</marc:subfield>
      <marc:subfield code="w">(DE-101)014324458</marc:subfield>
    </marc:datafield>
    <marc:datafield tag="780" ind1="0" ind2="5">
      <marc:subfield code="i">Darin aufgegangen</marc:subfield>
      <marc:subfield code="n">Bis 1959 Ausg. K, dann Teilausg., später regionale Beil. u. darin aufgeg.</marc:subfield>
      <marc:subfield code="t">Königshütter, Laurahütter und Tarnowitzer Heimatblatt</marc:subfield>
      <marc:subfield code="d">Wiesbaden : Unser Oberschlesien, 1951-1991</marc:subfield>
      <marc:subfield code="w">(DE-600)785792-5</marc:subfield>
      <marc:subfield code="w">(DE-101)014324466</marc:subfield>
    </marc:datafield>
    <marc:datafield tag="785" ind1="0" ind2="0">
      <marc:subfield code="i">Forts.:</marc:subfield>
      <marc:subfield code="t">Oberschlesien</marc:subfield>
      <marc:subfield code="d">Görlitz : Senfkorn-Verl., 2005-2013</marc:subfield>
      <marc:subfield code="x">1861-0153</marc:subfield>
      <marc:subfield code="w">(DE-600)2174840-8</marc:subfield>
      <marc:subfield code="w">(DE-101)026982900</marc:subfield>
    </marc:datafield>
    <marc:datafield tag="787" ind1="0" ind2="8">
      <marc:subfield code="i">Regionalausgabe</marc:subfield>
      <marc:subfield code="t">Oppelner Zeitung</marc:subfield>
      <marc:subfield code="d">Wiesbaden : Chmielorz, 1964-1991</marc:subfield>
      <marc:subfield code="w">(DE-600)349212-6</marc:subfield>
      <marc:subfield code="w">(DE-101)012035521</marc:subfield>
    </marc:datafield>
    <marc:datafield tag="850" ind1=" " ind2=" ">
      <marc:subfield code="a">DE-101a</marc:subfield>
      <marc:subfield code="a">DE-101b</marc:subfield>
    </marc:datafield>
    <marc:datafield tag="889" ind1=" " ind2=" ">
      <marc:subfield code="w">(DE-101)946006989</marc:subfield>
    </marc:datafield>
  </marc:record>
</marc:collection>
